000 005090000a22001810004500
090 _aAR
_b00734
245 1 0 _aAmazonian speciation: a necessarily complex model
650 1 4 _aCambio Climatico
_993250
650 1 4 _aFilogenética
_94310
650 1 4 _aSabanas
_933142
650 1 4 _aBiogeografía
_992747
650 1 4 _aPaleontología
_96983
651 4 _pAmazonia
_992749
041 0 _aInglés
100 1 _aBush, Mark B.
_993909
942 _cARTICULO
773 1 _tJournal of Biogeography
_3248
_h21
_q5-17
_d1994
_g21
999 _c9825
_d9825